Tougher trading conditions in sight (Record no. 65118)
[ view plain ]
| 000 -LEADER | |
|---|---|
| fixed length control field | 01302cam a2200277 4500 |
| 001 - CONTROL NUMBER | |
| control field | WB3643-10 |
| 008 - FIXED-LENGTH DATA ELEMENTS--GENERAL INFORMATION | |
| fixed length control field | 000000n2000 000 0 eng u |
| 035 ## - SYSTEM CONTROL NUMBER | |
| System control number | (Sirsi) u109033 |
| 245 ## - TITLE STATEMENT | |
| Title | Tougher trading conditions in sight |
| 260 ## - PUBLICATION, DISTRIBUTION, ETC. | |
| Date of publication, distribution, etc. | 2000 |
| 490 ## - SERIES STATEMENT | |
| Series statement | Yorkshire Post |
| Volume/sequential designation | 26 October 2000, 20(1) |
| 520 ## - SUMMARY, ETC. | |
| Summary, etc. | According to the latest review of the economy and property markets by the RICS, tenant demand for commercial property looks set to slow. Although there have been large rental increases in London and the South East, this is likely to be an upward correction for those retailers who have paid below-market rents after benefiting from the rental deflation of the early Nineties and the outlook for rental growth is a further slowing down into 2001. |
| 590 ## - LOCAL NOTE (RLIN) | |
| Local note | WB |
| 600 ## - SUBJECT ADDED ENTRY--PERSONAL NAME | |
| Personal name | FORECASTS |
| 650 ## - SUBJECT ADDED ENTRY--TOPICAL TERM | |
| Topical term or geographic name entry element | DEMAND |
| 650 ## - SUBJECT ADDED ENTRY--TOPICAL TERM | |
| Topical term or geographic name entry element | PROPERTY-COMMERCIAL PROPERTY-RETAIL PROPERTY-RETAIL PROPERTY MARKET |
| 650 ## - SUBJECT ADDED ENTRY--TOPICAL TERM | |
| Topical term or geographic name entry element | PROPERTY-COMMERCIAL PROPERTY-OFFICE PROPERTY-OFFICE PROPERTY MARKET |
| 650 ## - SUBJECT ADDED ENTRY--TOPICAL TERM | |
| Topical term or geographic name entry element | INDUSTRIAL MARKET |
| 650 ## - SUBJECT ADDED ENTRY--TOPICAL TERM | |
| Topical term or geographic name entry element | RENTAL GROWTH |
| 650 ## - SUBJECT ADDED ENTRY--TOPICAL TERM | |
| Topical term or geographic name entry element | CHARTERED INSTITUTE OF PURCHASING AND SUPPLY |
| 650 ## - SUBJECT ADDED ENTRY--TOPICAL TERM | |
| Topical term or geographic name entry element | INSIGNIA RICHARD ELLIS |
| 650 ## - SUBJECT ADDED ENTRY--TOPICAL TERM | |
| Topical term or geographic name entry element | MERRILL LYNCH |
| 650 ## - SUBJECT ADDED ENTRY--TOPICAL TERM | |
| Topical term or geographic name entry element | KNIGHT FRANK |
| 690 ## - LOCAL SUBJECT ADDED ENTRY--TOPICAL TERM (OCLC, RLIN) | |
| Topical term or geographic name as entry element | PROPERTY-COMMERCIAL PROPERTY-COMMERCIAL PROPERTY MARKET |
| 942 ## - ADDED ENTRY ELEMENTS (KOHA) | |
| Suppress in OPAC | 0 |
| Withdrawn status | Lost status | Source of classification or shelving scheme | Damaged status | Not for loan | Home library | Current library | Shelving location | Date acquired | Total Checkouts | Full call number | Barcode | Date last seen | Copy number | Price effective from | Koha item type |
|---|---|---|---|---|---|---|---|---|---|---|---|---|---|---|---|
| Dewey Decimal Classification | London | London | News article | 31/10/2000 | WB3643-10 | 109033-1001 | 06/08/2019 | 1 | 06/08/2019 | News article |